000 00636 a2200181 4500
008 150511b xxu||||| |||| 00| 0 eng d
020 _a9789966065292
050 _a TX910.5.B56
_b B37 2013
100 _a Barsby, Jane.
245 _aAbraham's people
_b Kenyan dynasty /
_c by Jane Clare Barsby.
260 _a [Nairobi] :
_bJane Barsby,
_c [December 2013]
300 _a v, 423 pages :
_b illustrations ;
_c 26 cm
500 _aIncludes bibliographical references .
600 _b Block, Abraham Lazarus,
_d1883-1965.
600 _b Block family.
650 _a Hotelkeepers
_v Biography.
_z Kenya
942 _cBK
_2lcc
999 _c44626
_d44626